000 01146cam a2200361 a 4500
001
003 DO-SdBNP
005 20210513100546.0
007
008 020930s2020 dr a 000 1 spa
010 _a
020 _a9789945503692
040 _aBPMSU
_cspa
_bBPMSU
082 _aRD863.5
_bN714s
_222
100 1 _aNin, Leonardo
111 2 _n
245 1 4 _aSolo sé que le llamaban sombra /
_cLeonardo Nin
_b
260 _aSanto Domingo :
_bMinisterio de Cultura ;
_bEditora Nacional
_c 2020
300 _a192 p. ;
_c21 cm.
_b
490 0 _aNarrativa
500 _aIncluye datos biográficos del autor en la solapa de la cubierta
500 _aJurado : Reynaldo Paulino Chevalier, José Enrique García y Miguel Aníbal Perdomo
586 _aPremio Letras de Ultramar de Novela 2018
590 _6Inventariado, 2021/VM
611 4 _aPremio Letras de Ultramar de Novela
_d(2018 :
_qSanto Domingo )
650 4 _aCertámenes literarios
_zRepública Dominicana
650 4 _aNovelas dominicanas
650 4 _aLiteratura dominicana
_v
650 4 _a
700 1 _a
910 _aVMateo
942 _2ddc
_cBK
999 _c13489
_d13489